00618nam a2200217Ia 4500008004100000020001800041050001900059050001800078100002800096245004500124245007900169260001600248260002200264260000900286300001600295300002000311300001100331500002000342650002100362650001700383180523s9999 xx 000 0 und d a981-240-484-8 aMAIN HF 5547.5 b.C35 2000 c.2 aCalkins, Patsy Fulton - 0aProcedures for the office professional / 0cPatsy Fulton-Calkins, Joanna D. Hanks; contributing author Karin M. Stultz aSingapore : bThomson Learning, c2000 a613 pages : billustrations ; c23 cm. aIncludes index. aOffice practice. xSecretaries.